Kommunista szellemben, kommunista kiállással vezetőségválasztó taggyűlés a cipőgyárban /
Elmentve itt :
| Szerző: | |
|---|---|
| Dokumentumtípus: | Cikk |
| Megjelent: |
1964-11-19
|
| Sorozat: | Délmagyarország
54 No. 271 |
| Kulcsszavak: | Holovár Ferenc, Taggyűlés cipőgyár 1964, cipőgyár |
| Online Access: | http://dmarchiv.bibl.u-szeged.hu/65665 |
| LEADER | 00554nab a2200157 i 4500 | ||
|---|---|---|---|
| 001 | delm65665 | ||
| 005 | 20180927151334.0 | ||
| 008 | 180927s1964 hu o 0|| hun d | ||
| 040 | |a SZTE Délmagyarország Archívum |b hun | ||
| 041 | |a hun | ||
| 100 | 1 | |a Méry Éva | |
| 245 | 1 | 0 | |a Kommunista szellemben, kommunista kiállással |h [elektronikus dokumentum] : |b vezetőségválasztó taggyűlés a cipőgyárban / |c Méry Éva |
| 260 | |c 1964-11-19 | ||
| 300 | |a 5 | ||
| 490 | 0 | |a Délmagyarország |v 54 No. 271 | |
| 695 | |a Holovár Ferenc, Taggyűlés cipőgyár 1964, cipőgyár | ||